01518nam a22002417a 45000010005000000030006000050050017000110080041000280200018000690400029000870500013001160820009001291000025001382450059001632600050002223000044002724900031003165050008003475200853003555210020012085210020012286500028012484819FISKH20241016141122.0241016b cb ||||| |||| 00| 0 eng d a9780871233202 aFISKHbengcFISKHdFISKH aPZ7.L556 a813  aLeppard, Lois Gladys aMandie and the Secret Tunnel /cby Lois Gladys Leppard aBoston : bBethany House Publishers ;c1983 . a141 pages : billustrations ; c19 cm . aMandie Mysteries vBook 1  aR  aWhen 11-year-old Mandie Shaw's father dies, her life reaches a low point. Unwanted by a mother who has never loved her, the only things she looks forward to are visits from the man she calls "Uncle Ned"-a full-blooded Cherokee Indian. Longing for a home where she will be truly loved, Mandie seeks out family she has never met. After a perilous journey, she finds herself in the middle of luxury she can scarcely believe-and a mystery that will take all her brains and courage to solve. With turn-of-the-century North Carolina as her backdrop, Lois Leppard explores issues of race, religion, and family in this novel of a young girl's search to unravel the mystery of her identity. Kate Forbes' narration brilliantly brings life to the colorful characters and many twists Mandie encounters in this first book of a best-selling inspirational series.8 a760 bLexile 8 aR bRaz-Plus  aNorth Carolinavfiction